000 00513nam a22002297a 4500
003 UA-OsUOA
001 32975
007 ta
008 20050228b un ||||| |||| 00| 0 ukr d
090 _a002(01)-77
_bБ59
942 _cBK
040 _aUA-OsUOA
_brus
_cUA-OsUOA
_dUA-OsUOA
245 _aБиблиотечные каталоги
300 _a293 С.
955 _a0
041 _arus
080 _a002(01)-77
260 _aМ.
_bКнига
_c1977
044 _aRU
650 7 _2UDC
999 _c319431
_d319431